000 01626namaa2200349 i 4500
003 EG-GICUC
005 20251123125155.0
008 251123s2006 ua |||jr|||| 000 0 ara d
017 _a2006 / 5989
_bدار الكتب والوثائق القومية (مصر)
020 _a9772137488
040 _aEG-GiCUC
_bara
_cEG-GiCUC
_dEG-GiCUC
_erda
043 _af-ua---
082 0 4 _221
_a305.420962
_bW87222
092 0 4 _221
_a305.420962
_bW87222
099 _a305.420962 W87222
100 1 _eمؤلف.
245 0 2 _aالمرأة المصرية كمواطنة :
_bقراءة فى الجوانب الاجتماعية والاقتصادية والسياسية لمواطنة المرأة /
_cإعداد ورشة عمل مجموعة شباب الإسكندرية ؛ تحرير هانى عياد.
250 _aالطبعة الاولى
264 _aالقاهرة(مصر) :
_bالهيئة القبطية الإنجيلية للخدمات الاجتماعية، قسم التنمية الثقافية، منتدى حوار الثقافات،
_c2006.
300 _a75 صفحة ؛
_c20 سم
336 _2rdacontent
_atext
337 _2rdamedia
_aUnmediated
338 _2rdacarrier
_avolume
490 _aسلسلة اصدارات منتدى حوار الثقافات ؛
_v22
504 _aيشتمل على ارجاعات ببليوجرافية.
541 _aد. جابر عصفور ؛
_bالقاهرة ؛
_cإهداء ؛
_d2024.
650 1 7 _aالمرأة المصرية
_xاحوال اجتماعية
_2qrmak
651 1 _2qrmak
700 1 _aعياد، هانى
_eمحرر.
905 _aAya
942 _2ddc
_cBK
_e21
_n0
999 _c176124
_d176124